000 00710nam a2200289Ia 4500
005 20260324130359.0
008 008 260324s9999 xx 000 0 eng d
020 _a9781315231082
037 _aEBOOK
040 _aCRL
040 _beng
040 _cCRL
041 _2eng
041 _aeng
084 _qCRL
100 _aVicente Navarro
_91181541
245 0 _aNeoliberalism, Globalization, and Inequalities
245 0 _bConsequences for Health and Quality of Life
260 _bTaylor and Francis
260 _c2007
365 _a
365 _b240
856 _uhttp://www.taylorfrancis.com/books/9781315231082
942 _cEBOOK
999 _c1777692
_d1777692